[Geometry Dash] Guess the Extreme Demon 4! - Statistics

General Stats
  • This quiz has been taken 276 times
  • The average score is 9 of 16
Answer Stats
Picture Answer % Correct
Cataclysm
97%
Avernus
93%
Sakupen Circles
93%
Silent Club
90%
Edge of Destiny
79%
Astral Divinity
76%
Blade of Justice
73%
Codependence
73%
Subsonic
55%
poocubed
53%
Lotus Flower
48%
The Ultimate Phase
46%
Wasureta
36%
Volume
15%
The Yandere
13%
Reflective
8%
No matching quizzes found
Score Distribution
Percent of People with Each Score
Percentile by Number Answered
Your Score History
You have not taken this quiz